Southville International School and Colleges
Your cart is empty.
  • Cart
  • Lists
    Public lists Eva Luna New books Lux_list list_1
    Your lists Log in to create your own lists
  • Log in to your account
  • Your cookies
  • Search history
Southville International School and Colleges
  • Advanced search
  • Recent comments
  • Most popular
  • Libraries

Log in to your account

Log in with GOOGLE


If you do not have an external account, but do have a local account, you can still log in:

  1. Home
  2. MARC view: Practical research 2
Normal view MARC view ISBD view

Practical research 2 (Record no. 366972)

[ view plain ]
MARC details
000 -LEADER
fixed length control field 00592nam a22001937a 4500
003 - CONTROL NUMBER IDENTIFIER
control field 0
005 - DATE AND TIME OF LATEST TRANSACTION
control field 20250115114530.0
008 - FIXED-LENGTH DATA ELEMENTS--GENERAL INFORMATION
fixed length control field 250115b xxu||||| |||| 00| 0 eng d
020 ## - INTERNATIONAL STANDARD BOOK NUMBER
International Standard Book Number 978-621-435-051-3
050 ## - LIBRARY OF CONGRESS CALL NUMBER
Classification number LB 2369
Item number .En33 2021
100 ## - MAIN ENTRY--PERSONAL NAME
Personal name Encabo, Floricon V.
245 ## - TITLE STATEMENT
Title Practical research 2
Statement of responsibility, etc Floricon V. Encabo
260 ## - PUBLICATION, DISTRIBUTION, ETC. (IMPRINT)
Place of publication, distribution, etc Bulacan
Name of publisher, distributor, etc KLEAFS Publishing
Date of publication, distribution, etc 2021
300 ## - PHYSICAL DESCRIPTION
Extent iv, 222 pages
Other physical details illustrations and pictures ;
Dimensions 26cm.
504 ## - BIBLIOGRAPHY, ETC. NOTE
Bibliography, etc Includes bibliographical references and glossary. <br/>
650 ## - SUBJECT ADDED ENTRY--TOPICAL TERM
Topical term or geographic name as entry element Research.
650 ## - SUBJECT ADDED ENTRY--TOPICAL TERM
Topical term or geographic name as entry element Practical research.
942 ## - ADDED ENTRY ELEMENTS (KOHA)
Source of classification or shelving scheme Library of Congress Classification
Koha item type Books
Holdings
Withdrawn status Lost status Source of classification or shelving scheme Damaged status Home library Current library Shelving location Date acquired Source of acquisition Sub Shelving location Total Checkouts Total Renewals Full call number Barcode Date last seen Date checked out Price effective from Koha item type
    Library of Congress Classification   College Library College Library Filipiniana Section 01/15/2025 Donation   1 1 LB 2369 .En33 2021 C24156 05/23/2025 04/11/2025 01/15/2025 Books

Practical research 2

APA

Encabo F. V., . (2021). Practical research 2. Bulacan: KLEAFS Publishing.

Chicago

Encabo Floricon V, . 2021. Practical research 2. Bulacan: KLEAFS Publishing.

Harvard

Encabo F. V., . (2021). Practical research 2. Bulacan: KLEAFS Publishing.

MLA

Encabo Floricon V, . Practical research 2. Bulacan: KLEAFS Publishing. 2021.

  • Place hold
  • Print
  • Cite
  • Add to your cart (remove)
  • Save record
    BIBTEX Dublin Core MARCXML MARC (non-Unicode/MARC-8) MARC (Unicode/UTF-8) MARC (Unicode/UTF-8, Standard) MODS (XML) RIS
  • More searches
    Search for this title in:
    Other Libraries (WorldCat) Other Databases (Google Scholar) Online Stores (Bookfinder.com) Open Library (openlibrary.org)

Exporting to Dublin Core...

SOUTHVILLE LIBRARY

Southville International School and Colleges Library

1281 Tropical Ave. Cor. Luxembourg St., BF Homes International, Las Pinas City

Tel. No. 8256374 / 252358 Loc. 117/146

Powered by Koha